01370nam a2200337 a 4500001001200000003000800012006001900020007001500039008004100054010001700095020003500112020003900147040002100186035002100207050002300228082001400251245014900265260006000414300001100474490003400485504005100519533015200570630003500722655002900757700003000786700002500816710001700841830003100858856012600889999001701015ebr10285161CaPaEBRm u cr cn|||||||||070521r20072005enk sb 001 0 eng  z 2007274545 z0567045307 (pbk. : alk. paper) z0567084396 (hardback : alk. paper) aCaPaEBRcCaPaEBR a(OCoLC)64680680114aBS476b.P68 2007eb04a220.622200aPostcolonial biblical criticismh[electronic resource] :binterdisciplinary intersections /cedited by Stephen D. Moore and Fernando F. Segovia. aLondon ;aNew York :bT & T Clark International,c2007. a206 p.1 aThe Bible and postcolonialism aIncludes bibliographical references and index. aElectronic reproduction.bPalo Alto, Calif. :cebrary,d2013.nAvailable via World Wide Web.nAccess may be limited to ebrary affiliated libraries.00aBiblexPostcolonial criticism. 7aElectronic books.2local1 aMoore, Stephen D.,d1954-1 aSegovia, Fernando F.2 aebrary, Inc. 0aBible and postcolonialism.40uhttp://site.ebrary.com/lib/rucke/Doc?id=10285161zAn electronic book accessible through the World Wide Web; click to view c17580d17580